| 000 | 00404nam a22001577a 4500 | ||
|---|---|---|---|
| 005 | 20171025115939.0 | ||
| 008 | 171025b xxu||||| |||| 00| 0 eng d | ||
| 020 | _a978-81-89997-20-5 | ||
| 041 | _aeng | ||
| 082 | _a070.125 | ||
| 100 |
_aSINGH, DR. DEVVRAT AND SINGH KIRTI _93989 |
||
| 245 | _aTELEVISION PATRAKARITA EK PARICHAYA | ||
| 260 |
_aDELHI _bNATRAJ PRAKASHAN |
||
| 300 | _a216p. | ||
| 942 | _cBK | ||
| 999 |
_c5634 _d5632 |
||